[Event "Ciutat de Sabadell op A"]
[Site "?"]
[Date "2012.09.04"]
[Round "6"]
[White "Burmakin, V."]
[Black "Oms Pallisse, J."]
[Result "1-0"]
[WhiteElo "2608"]
[BlackElo "2461"]
[PlyCount "129"]
[EventDate "2012.??.??"]
[EventType "swiss"]
[EventRounds "9"]

1. Nf3 Nf6 2. c4 b6 3. g3 Bb7 4. Bg2 e6 5. O-O Be7 6. Nc3 O-O 7. Re1 Ne4 8.
Nxe4 Bxe4 9. d3 Bb7 10. d4 Be4 11. d5 c5 12. Nh4 Bxg2 13. Nxg2 d6 14. dxe6 fxe6
15. Nf4 Qd7 16. Qd3 Na6 17. Bd2 Bf6 18. Bc3 Rad8 19. Rad1 Nc7 20. Bxf6 Rxf6 21.
e4 Rff8 22. e5 d5 23. Qf3 Qf7 24. b3 Qf5 25. Qe2 d4 26. Kg2 a5 27. a3 Na6 28.
Nd3 Nb8 29. f4 Qf7 30. Qe4 Qc7 31. g4 Qc6 32. Qxc6 Nxc6 33. Kf3 h5 34. h3 hxg4+
35. hxg4 g6 36. Rh1 Kg7 37. Ke4 Ra8 38. Rb1 Rh8 39. f5 Rxh1 40. f6+ Kg8 41.
Rxh1 a4 42. b4 cxb4 43. Nxb4 Nxb4 44. axb4 a3 45. Kxd4 a2 46. Ra1 Ra4 47. g5
Kf8 48. b5 Ra3 49. c5 Ra4+ 50. Kc3 bxc5 51. b6 Rb4 52. Rxa2 Rxb6 53. Ra8+ Kf7
54. Ra7+ Kf8 55. Rg7 Rb4 56. Rxg6 Rg4 57. Rg7 Ke8 58. Re7+ Kf8 59. Rxe6 Rxg5
60. Kc4 Rg1 61. Kxc5 Rc1+ 62. Kd5 Rd1+ 63. Kc6 Re1 64. Re7 Rd1 65. Rd7 1-0

[Event "Ciutat de Sabadell op A"]
[Site "?"]
[Date "2012.09.04"]
[Round "6"]
[White "Clavijo, JM."]
[Black "Vidarte Morales, A."]
[Result "0-1"]
[WhiteElo "2319"]
[BlackElo "2353"]
[PlyCount "58"]
[EventDate "2012.??.??"]
[EventType "swiss"]
[EventRounds "9"]

1. d4 d5 2. c4 e6 3. Nf3 Nf6 4. g3 dxc4 5. Qa4+ Bd7 6. Qxc4 Bc6 7. Bg2 Bd5 8.
Qc2 Be4 9. Qa4+ Bc6 10. Qd1 Bb4+ 11. Bd2 Be7 12. O-O Nbd7 13. Nc3 Ne4 14. Bf4
O-O 15. Qc2 Nxc3 16. bxc3 Nf6 17. Rfd1 Qc8 18. a4 Be4 19. Qb2 c5 20. Ne5 Bxg2
21. Kxg2 Nd5 22. Bd2 f6 23. Nf3 Qc6 24. Qb5 Rfc8 25. Qxc6 Rxc6 26. e4 Nb6 27.
Bf4 g5 28. Bc1 g4 29. Nh4 c4 0-1

[Event "Ciutat de Sabadell op A"]
[Site "?"]
[Date "2012.09.04"]
[Round "6"]
[White "Cordova Daza, E."]
[Black "Aroshidze, L."]
[Result "1/2-1/2"]
[WhiteElo "2572"]
[BlackElo "2568"]
[PlyCount "85"]
[EventDate "2012.??.??"]
[EventType "swiss"]
[EventRounds "9"]

1. Nf3 g6 2. c4 Bg7 3. Nc3 e5 4. h4 h6 5. d4 d6 6. dxe5 dxe5 7. Qxd8+ Kxd8 8.
e4 Be6 9. Be3 Nd7 10. O-O-O c6 11. Nd2 Ngf6 12. Be2 Ng4 13. Bxg4 Bxg4 14. f3
Be6 15. h5 g5 16. g4 Bf8 17. Rh2 f6 18. b3 Kc7 19. Nf1 Bb4 20. Kb2 Rhd8 21. a3
Bf8 22. Rhd2 Nc5 23. Ng3 Rxd2+ 24. Rxd2 Nd7 25. Nf5 b6 26. Ne2 Rd8 27. Neg3 Nb8
28. Rxd8 Kxd8 29. Bd2 Na6 30. Ne3 Bc5 31. Ngf5 Bxe3 32. Bxe3 Bxf5 33. exf5 Nb8
34. Kc3 Nd7 35. b4 Kc7 36. Kd3 Kd6 37. Ke4 c5 38. Bd2 Kc6 39. Bc3 Kd6 40. Kd3
Nb8 41. b5 Nd7 42. Ke4 Nf8 43. a4 1/2-1/2

[Event "Ciutat de Sabadell op A"]
[Site "?"]
[Date "2012.09.04"]
[Round "6"]
[White "Gonzalez Rodriguez, JA."]
[Black "Espinoza Palomino, W."]
[Result "0-1"]
[WhiteElo "2394"]
[BlackElo "2242"]
[PlyCount "80"]
[EventDate "2012.??.??"]
[EventType "swiss"]
[EventRounds "9"]

1. b3 e5 2. Bb2 Nc6 3. e3 g6 4. Nf3 Bg7 5. d4 d6 6. dxe5 Nge7 7. Nc3 Nxe5 8.
Nxe5 Bxe5 9. Qd2 Be6 10. O-O-O Qd7 11. Be2 O-O-O 12. f4 Bg7 13. Ne4 Bxb2+ 14.
Kxb2 d5 15. Nf6 Qd6 16. Bf3 Qb6 17. Qc3 Nf5 18. Rhe1 d4 19. exd4 Nxd4 20. Bg4
Bxg4 21. Nxg4 Nf5 22. Qf6 Qxf6+ 23. Nxf6 Rxd1 24. Rxd1 Nd6 25. Re1 h5 26. c4 b6
27. Kc3 Nf5 28. Re5 h4 29. b4 Rd8 30. Nd5 Kd7 31. Ne3 Nxe3 32. Rxe3 Re8 33.
Rxe8 Kxe8 34. Kd4 Kd7 35. Ke5 a5 36. Kf6 axb4 37. Kxf7 c5 38. Kxg6 b5 39. cxb5
c4 40. f5 c3 0-1

[Event "Ciutat de Sabadell op A"]
[Site "?"]
[Date "2012.09.04"]
[Round "6"]
[White "Jimenez Fraga, PA."]
[Black "Panesso Rivera, H."]
[Result "0-1"]
[WhiteElo "2446"]
[BlackElo "2339"]
[PlyCount "108"]
[EventDate "2012.??.??"]
[EventType "swiss"]
[EventRounds "9"]

1. d4 Nf6 2. Nf3 g6 3. Bf4 Bg7 4. e3 O-O 5. h3 b6 6. Be2 Bb7 7. O-O c5 8. c3 d6
9. Bh2 Nbd7 10. a4 a6 11. Na3 cxd4 12. cxd4 Nd5 13. Qb3 a5 14. Nd2 Nb4 15. Bf3
Bxf3 16. Nxf3 Nb8 17. Rac1 N8a6 18. Qc4 Qb8 19. Qb5 Qb7 20. Nc4 Rfb8 21. Nxb6
Ra7 22. Nc4 Qa8 23. Qg5 h6 24. Qh4 Nd3 25. Rb1 Qd5 26. Nfd2 f5 27. Qg3 g5 28.
Qf3 Qxf3 29. Nxf3 Nab4 30. Rfd1 Rc8 31. b3 Ra6 32. Kf1 d5 33. Nce5 Bxe5 34.
Nxe5 Nxe5 35. Bxe5 Rac6 36. g4 e6 37. Kg2 Kf7 38. h4 fxg4 39. hxg5 h5 40. f3
gxf3+ 41. Kxf3 Kg6 42. Rb2 Nc2 43. Ke2 Rc3 44. Bf4 Kf5 45. Kf3 h4 46. Rd2 Ne1+
47. Ke2 Ng2 48. Bd6 Ke4 49. g6 Rg8 50. b4 Nxe3 51. Kf2 Rxg6 52. Re2 Rd3 53.
Red2 Rxd2+ 54. Rxd2 Rg2+ 0-1

[Event "Ciutat de Sabadell op A"]
[Site "?"]
[Date "2012.09.05"]
[Round "7"]
[White "Aroshidze, L."]
[Black "Lorenzo de la Riva, L."]
[Result "1/2-1/2"]
[WhiteElo "2568"]
[BlackElo "2444"]
[PlyCount "76"]
[EventDate "2012.??.??"]
[EventType "swiss"]
[EventRounds "9"]

1. e4 c5 2. Nf3 d6 3. d4 cxd4 4. Nxd4 Nf6 5. Nc3 g6 6. Be3 Bg7 7. f3 O-O 8. Qd2
Nc6 9. Bc4 Bd7 10. O-O-O Rb8 11. Bb3 Na5 12. g4 b5 13. Bh6 b4 14. Nd5 Nxb3+ 15.
Nxb3 Nxd5 16. exd5 Bxh6 17. Qxh6 Rb6 18. h4 e5 19. Nd2 Qf6 20. Ne4 Qg7 21. Qe3
f5 22. gxf5 Bxf5 23. h5 Bxe4 24. fxe4 g5 25. Qh3 g4 26. Qh4 Rbb8 27. Rhg1 Rf4
28. Rdf1 Rbf8 29. Rxf4 Rxf4 30. h6 Qd7 31. Qg5+ Kf8 32. b3 a5 33. Kb1 Qa7 34.
Qd8+ Kf7 35. Rc1 Qe7 36. Qh8 Kg6 37. Qg8+ Kf6 38. Qh8+ Kg6 1/2-1/2

[Event "Ciutat de Sabadell op A"]
[Site "?"]
[Date "2012.09.05"]
[Round "7"]
[White "Oms Pallisse, J."]
[Black "Vidarte Morales, A."]
[Result "1-0"]
[WhiteElo "2461"]
[BlackElo "2353"]
[PlyCount "109"]
[EventDate "2012.??.??"]
[EventType "swiss"]
[EventRounds "9"]

1. Nf3 Nf6 2. c4 e6 3. g3 d5 4. Bg2 c5 5. cxd5 exd5 6. d4 Nc6 7. O-O Be7 8. Nc3
O-O 9. Bg5 cxd4 10. Nxd4 h6 11. Bf4 Bg4 12. h3 Be6 13. Nxe6 fxe6 14. e4 d4 15.
e5 dxc3 16. exf6 Bxf6 17. bxc3 Qxd1 18. Rfxd1 Bxc3 19. Rac1 Bf6 20. Bxc6 bxc6
21. Rxc6 e5 22. Be3 a5 23. Kg2 a4 24. Rd2 Rfc8 25. Rdc2 Rxc6 26. Rxc6 Kf7 27.
Kf3 Rb8 28. Rc4 a3 29. Bc1 Ra8 30. Ke4 Ra5 31. h4 Ke6 32. Rc6+ Kf7 33. h5 Be7
34. Bd2 Rb5 35. Bc3 Bf6 36. Ra6 Rc5 37. Rxa3 Ke6 38. f3 Rc4+ 39. Kd3 Rc5 40.
Ra4 Rc6 41. Rc4 Ra6 42. a4 Kd5 43. Re4 Ra7 44. a5 Ra6 45. Re1 Kd6 46. Bb4+ Kd5
47. Rc1 Bg5 48. Rc5+ Ke6 49. Ke4 Bf6 50. Rb5 Ra8 51. Rb6+ Kd7 52. Kd5 Ra7 53.
a6 Kc8 54. Bd6 Ra8 55. Ke6 1-0

[Event "Ciutat de Sabadell op A"]
[Site "?"]
[Date "2012.09.05"]
[Round "7"]
[White "Orozco, LY."]
[Black "Rojas Keim, LA."]
[Result "0-1"]
[WhiteElo "2150"]
[BlackElo "2426"]
[PlyCount "100"]
[EventDate "2012.??.??"]
[EventType "swiss"]
[EventRounds "9"]

1. e4 c5 2. Nf3 Nc6 3. d4 cxd4 4. Nxd4 g6 5. Nc3 Bg7 6. Nde2 Rb8 7. a4 a6 8. g3
b5 9. axb5 axb5 10. Bg2 Nf6 11. O-O O-O 12. Nd5 Nxd5 13. exd5 Ne5 14. Ra2 d6
15. Nd4 Qb6 16. Be3 Nc4 17. Nc6 Nxe3 18. Nxe7+ Kh8 19. Nxc8 Rbxc8 20. fxe3 Rce8
21. Kh1 Rxe3 22. Qd2 Re7 23. Qb4 Re2 24. c4 Qd4 25. Qxd6 Qd2 26. Rg1 Rxg2 27.
Rxg2 Qe1+ 28. Rg1 Qe4+ 29. Rg2 Qb1+ 30. Rg1 Qxa2 31. c5 Qxb2 32. c6 Qe5 33. Qd7
Bh6 34. h4 Be3 35. c7 Bxg1 36. c8=Q Rxc8 37. Qxc8+ Kg7 38. Kxg1 Qxg3+ 39. Kf1
Qf3+ 40. Kg1 Qxd5 41. Qc3+ f6 42. Qc7+ Qf7 43. Qc5 Qb7 44. h5 b4 45. h6+ Kxh6
46. Qf8+ Kg5 47. Qc5+ f5 48. Qe3+ Kg4 49. Kh2 Qc7+ 50. Kh1 Qc3 0-1

[Event "Ciutat de Sabadell op A"]
[Site "?"]
[Date "2012.09.05"]
[Round "7"]
[White "Panesso Rivera, H."]
[Black "Alarcon Casellas, R."]
[Result "0-1"]
[WhiteElo "2339"]
[BlackElo "2471"]
[PlyCount "98"]
[EventDate "2012.??.??"]
[EventType "swiss"]
[EventRounds "9"]

1. d4 Nf6 2. Nf3 e6 3. e3 c5 4. Bd3 b6 5. Nbd2 cxd4 6. exd4 Bb7 7. O-O Be7 8.
c4 O-O 9. b3 d5 10. Bb2 Nc6 11. Qe2 dxc4 12. bxc4 Qc7 13. Ne5 Rad8 14. Ndf3
Nxe5 15. Nxe5 Rfe8 16. Rac1 Bd6 17. f4 Qe7 18. Ba1 g6 19. Bc2 Rc8 20. Ba4 Red8
21. Bb3 Ne4 22. Bc2 f5 23. Bxe4 Bxe4 24. Ng4 Qh4 25. h3 h5 26. Ne5 Bxe5 27.
fxe5 Qg5 28. Rfd1 b5 29. c5 b4 30. Bb2 a5 31. Ra1 Qg3 32. Rd2 Bd5 33. a3 f4 34.
axb4 axb4 35. Qf2 Qg5 36. h4 Qf5 37. Rf1 Rf8 38. Rdd1 Qg4 39. Bc1 b3 40. Rfe1
Ra8 41. Bb2 f3 42. g3 Ra2 43. Rd2 g5 44. Kh2 gxh4 45. gxh4 Qg2+ 46. Qxg2+ fxg2
47. Kg1 Rf4 48. Rc1 Rxh4 49. Kf2 Rh1 0-1

[Event "Ciutat de Sabadell op A"]
[Site "?"]
[Date "2012.09.05"]
[Round "7"]
[White "Perez Mitjans, O."]
[Black "Ayza Ballester, J."]
[Result "1-0"]
[WhiteElo "2504"]
[BlackElo "2208"]
[PlyCount "63"]
[EventDate "2012.??.??"]
[EventType "swiss"]
[EventRounds "9"]

1. e4 c5 2. Nf3 e6 3. c3 Nf6 4. Bd3 Nc6 5. O-O Be7 6. Re1 a6 7. Bc2 d6 8. d4 e5
9. d5 Nb8 10. h3 O-O 11. a4 Ne8 12. Nbd2 g6 13. a5 Ng7 14. Nc4 Nd7 15. b4 cxb4
16. cxb4 f5 17. Bh6 f4 18. Bd3 g5 19. Nh2 Qe8 20. Rc1 Qg6 21. Bxg7 Kxg7 22. Be2
Rb8 23. Bh5 Qh6 24. Bf3 Kh8 25. Re2 Rg8 26. Rec2 b5 27. axb6 Nf6 28. Na5 g4 29.
hxg4 Qh4 30. Nc6 Bxg4 31. Nxe7 Bxf3 32. Qxf3 1-0

[Event "Ciutat de Sabadell op A"]
[Site "?"]
[Date "2012.09.05"]
[Round "7"]
[White "Salagran Ferragut, G."]
[Black "Rodriguez Garcia, V."]
[Result "1/2-1/2"]
[WhiteElo "1899"]
[BlackElo "2383"]
[PlyCount "77"]
[EventDate "2012.??.??"]
[EventType "swiss"]
[EventRounds "9"]

1. e4 c5 2. Nf3 Nc6 3. d4 cxd4 4. Nxd4 e5 5. Nb5 d6 6. c4 Be7 7. Bd3 a6 8. N5c3
Nf6 9. O-O O-O 10. Na3 Be6 11. Nc2 Rc8 12. b3 Nd7 13. Ne3 Bg5 14. Be2 Nd4 15.
Nc2 Nxe2+ 16. Nxe2 Nc5 17. Ng3 Bf4 18. Qf3 Bxg3 19. hxg3 f5 20. exf5 Bxf5 21.
Nb4 Kh8 22. Qd1 b5 23. cxb5 axb5 24. Be3 Qd7 25. Rc1 Ne4 26. Nd5 Rxc1 27. Qxc1
Qb7 28. Rd1 Be6 29. Nb4 d5 30. Qc6 Qxc6 31. Nxc6 d4 32. Bc1 Nc3 33. Rd2 d3 34.
Ba3 Rc8 35. Ne7 Rd8 36. Nc6 Rc8 37. Ne7 Rd8 38. Nc6 Rc8 39. Ne7 1/2-1/2

[Event "Ciutat de Sabadell op A"]
[Site "?"]
[Date "2012.09.05"]
[Round "7"]
[White "Vehi Bach, VM."]
[Black "Arenas, D."]
[Result "0-1"]
[WhiteElo "2357"]
[BlackElo "2406"]
[PlyCount "80"]
[EventDate "2012.??.??"]
[EventType "swiss"]
[EventRounds "9"]

1. e4 c5 2. Nf3 d6 3. d4 Nf6 4. Nc3 cxd4 5. Nxd4 g6 6. Be3 Bg7 7. f3 a6 8. Qd2
Nbd7 9. g4 b5 10. g5 Nh5 11. a4 bxa4 12. Rxa4 Bb7 13. Nb3 a5 14. Bb5 O-O 15.
O-O Ne5 16. Nd5 Bc6 17. Bb6 Qd7 18. Bxc6 Nxc6 19. Nxa5 e6 20. Ne3 Ra6 21. Nec4
d5 22. b3 Nb8 23. exd5 exd5 24. Bc5 dxc4 25. Qxd7 Nxd7 26. Bxf8 Nxf8 27. Nxc4
Re6 28. Nd2 Re2 29. Rf2 Re3 30. Rf1 Re5 31. Ne4 h6 32. h4 Ne6 33. Ra8+ Kh7 34.
Ra7 Rf5 35. c3 Nhf4 36. Rd7 Nd5 37. Kf2 Nxc3 38. Nxc3 Bxc3 39. Rd3 Be5 40. gxh6
Kxh6 {IRREPRODUCIBLE} 0-1

[Event "Ciutat de Sabadell op A"]
[Site "?"]
[Date "2012.09.06"]
[Round "8"]
[White "Alarcon Casellas, R."]
[Black "Cordova Daza, E."]
[Result "1/2-1/2"]
[WhiteElo "2471"]
[BlackElo "2572"]
[PlyCount "39"]
[EventDate "2012.??.??"]
[EventType "swiss"]
[EventRounds "9"]

1. e4 e6 2. d4 d5 3. Nd2 dxe4 4. Nxe4 Nd7 5. Nf3 Ngf6 6. Nxf6+ Nxf6 7. c3 Be7
8. Ne5 O-O 9. Bd3 c5 10. dxc5 Qd5 11. Qe2 Qxc5 12. O-O b6 13. b4 Qc7 14. a3 Bd6
15. f4 Bb7 16. Bb2 a5 17. Kh1 Rfd8 18. Rad1 h6 19. h3 Nd7 20. c4 1/2-1/2

[Event "Ciutat de Sabadell op A"]
[Site "?"]
[Date "2012.09.06"]
[Round "8"]
[White "Arenas, D."]
[Black "Lorenzo de la Riva, L."]
[Result "0-1"]
[WhiteElo "2406"]
[BlackElo "2444"]
[PlyCount "116"]
[EventDate "2012.??.??"]
[EventType "swiss"]
[EventRounds "9"]

1. e4 c6 2. d4 d5 3. f3 e6 4. Nc3 b6 5. Bf4 Nf6 6. a3 Be7 7. Nge2 Ba6 8. exd5
cxd5 9. Nc1 Bxf1 10. Rxf1 Nc6 11. N3e2 O-O 12. Nd3 Nd7 13. Kf2 b5 14. Kg1 Qb6
15. Kh1 a5 16. c3 b4 17. Qd2 bxa3 18. bxa3 Qa7 19. a4 Nb6 20. Rfb1 Nc4 21. Qd1
Rfc8 22. Nec1 Nb8 23. Nb3 Nd7 24. Nd2 Ndb6 25. Nxc4 Nxc4 26. Rb5 Qa6 27. Qb3 h6
28. h3 Rc6 29. Rb7 Bf8 30. Qb5 Rac8 31. Ne5 Nxe5 32. Bxe5 Bd6 33. Bxd6 Rxd6 34.
Rb8 Rxb8 35. Qxb8+ Kh7 36. Qc7 Kg6 37. Rb1 Rc6 38. Qd7 Qc8 39. Qa7 Qc7 40. Qxc7
Rxc7 41. Rb3 Rc4 42. Ra3 Kf5 43. Kg1 g5 44. Kf2 h5 45. g3 h4 46. Kg2 hxg3 47.
Kxg3 f6 48. Kg2 Kf4 49. Kf2 e5 50. dxe5 fxe5 51. Ke2 e4 52. fxe4 dxe4 53. Kf2
e3+ 54. Ke2 Ke4 55. Rb3 Rxa4 56. Rb2 Ra1 57. Rb5 Ra2+ 58. Ke1 a4 0-1

[Event "Ciutat de Sabadell op A"]
[Site "?"]
[Date "2012.09.06"]
[Round "8"]
[White "Gonzalez Rodriguez, JA."]
[Black "Gomez Jurado, LA."]
[Result "1-0"]
[WhiteElo "2394"]
[BlackElo "2250"]
[PlyCount "61"]
[EventDate "2012.??.??"]
[EventType "swiss"]
[EventRounds "9"]

1. c4 Nf6 2. Nc3 g6 3. g3 Bg7 4. Bg2 O-O 5. d4 d6 6. Nf3 c6 7. O-O Qa5 8. h3 e5
9. a3 e4 10. b4 Qd8 11. Nd2 d5 12. cxd5 cxd5 13. Nb3 h6 14. a4 Nc6 15. Ba3 Re8
16. a5 Ne7 17. e3 Nf5 18. b5 h5 19. Bc5 Be6 20. b6 a6 21. Bb4 g5 22. Rc1 g4 23.
h4 Nh7 24. Re1 Bf8 25. Bxf8 Kxf8 26. Kf1 Nxh4 27. gxh4 Qxh4 28. Nc5 Qh2 29. Ne2
Ng5 30. Nf4 Nf3 31. Ke2 {IRREPRODUCIBLE} 1-0

[Event "Ciutat de Sabadell op A"]
[Site "?"]
[Date "2012.09.06"]
[Round "8"]
[White "Jimenez Fraga, PA."]
[Black "Vigoa Apecheche, Y."]
[Result "1-0"]
[WhiteElo "2446"]
[BlackElo "2243"]
[PlyCount "61"]
[EventDate "2012.??.??"]
[EventType "swiss"]
[EventRounds "9"]

1. e4 c5 2. Nf3 Nc6 3. d3 g6 4. g3 Bg7 5. Bg2 d6 6. O-O Nf6 7. c3 O-O 8. Nbd2
Rb8 9. Re1 Ng4 10. Nf1 b5 11. d4 cxd4 12. cxd4 Qb6 13. h3 Nf6 14. d5 Na5 15.
Be3 Qa6 16. N1d2 Nc4 17. Bd4 Nd7 18. Bxg7 Kxg7 19. Nxc4 bxc4 20. Bf1 Qb6 21.
Rb1 Qc5 22. Qc2 Nb6 23. Rbc1 f5 24. b4 Qc7 25. Nd4 fxe4 26. Qxe4 Rb7 27. Bxc4
Nxc4 28. Rxc4 Qb8 29. Rec1 Bf5 30. Qe2 Rxb4 31. Qxe7+ 1-0

[Event "Ciutat de Sabadell op A"]
[Site "?"]
[Date "2012.09.06"]
[Round "8"]
[White "Rodriguez Garcia, V."]
[Black "Espinoza Palomino, W."]
[Result "1/2-1/2"]
[WhiteElo "2383"]
[BlackElo "2242"]
[PlyCount "128"]
[EventDate "2012.??.??"]
[EventType "swiss"]
[EventRounds "9"]

1. e4 e5 2. Nf3 Nc6 3. Bb5 a6 4. Ba4 Nf6 5. O-O Be7 6. Re1 b5 7. Bb3 d6 8. c3
O-O 9. h3 Na5 10. Bc2 c5 11. d3 Re8 12. Nbd2 Nc6 13. Nf1 h6 14. Ng3 Bf8 15. d4
Qc7 16. d5 Ne7 17. Nh4 Ng6 18. Nxg6 fxg6 19. a4 Rb8 20. axb5 axb5 21. b4 Nd7
22. Bd3 c4 23. Bc2 Be7 24. Ra5 Nc5 25. Ra3 Nd7 26. Qg4 Kh7 27. Qe2 Nb6 28. Be3
Bd7 29. Nf1 Ra8 30. Rea1 Rxa3 31. Rxa3 Qb7 32. Nd2 Ra8 33. Rxa8 Nxa8 34. f4 Bf6
35. Nf3 Nb6 36. fxe5 dxe5 37. Qe1 Na4 38. Kh1 g5 39. Bd2 Be8 40. Qg3 Qe7 41.
Nh2 Bg6 42. Ng4 Nb6 43. Ne3 Nc8 44. Qf3 Nd6 45. Ng4 Ne8 46. Be3 Qc7 47. Qf1 Be7
48. Qa1 h5 49. Nf2 Nf6 50. Qd1 Ne8 51. Qd2 Qd8 52. Bc5 Qc7 53. Qe3 Nf6 54. Bd1
Ne8 55. Bf3 Qd7 56. Qe2 Nf6 57. Kh2 Qc7 58. Qe3 Ne8 59. Nh1 Qd7 60. Nf2 Qc7 61.
Kg3 Nf6 62. Kh2 Ne8 63. Be2 Nf6 64. Bf3 Ne8 1/2-1/2

[Event "Ciutat de Sabadell op A"]
[Site "?"]
[Date "2012.09.06"]
[Round "8"]
[White "Rojas Keim, LA."]
[Black "Burmakin, V."]
[Result "1-0"]
[WhiteElo "2426"]
[BlackElo "2608"]
[PlyCount "73"]
[EventDate "2012.??.??"]
[EventType "swiss"]
[EventRounds "9"]

1. e4 c6 2. c4 g6 3. d4 Bg7 4. h4 d5 5. e5 h5 6. Nc3 Nh6 7. cxd5 cxd5 8. Nh3
Nc6 9. Nf4 Nf5 10. Be3 e6 11. Bd3 Ncxd4 12. Nxg6 fxg6 13. Bxd4 O-O 14. Bxf5
Rxf5 15. g4 Rf4 16. gxh5 Rxh4 17. Rg1 Rxh5 18. Qg4 Qe8 19. Ne2 Bd7 20. Rc1 Rc8
21. Rxc8 Qxc8 22. Qxg6 Rh7 23. Kd2 Be8 24. Qg3 b6 25. f4 Bh5 26. Nc3 Qc4 27.
Ke3 Kf8 28. b3 Qc8 29. Kd3 Bf7 30. f5 exf5 31. e6 Bxe6 32. Bxg7+ Ke7 33. Re1
Kf7 34. Bd4 Qd7 35. Qe5 Qe7 36. Nxd5 Rh3+ 37. Kc2 1-0

[Event "Ciutat de Sabadell op A"]
[Site "?"]
[Date "2012.09.06"]
[Round "8"]
[White "Salagran Ferragut, G."]
[Black "Larduet Despaigne, C."]
[Result "0-1"]
[WhiteElo "1899"]
[BlackElo "2370"]
[PlyCount "72"]
[EventDate "2012.??.??"]
[EventType "swiss"]
[EventRounds "9"]

1. e4 d5 2. exd5 Qxd5 3. Nc3 Qa5 4. Bc4 Nf6 5. d3 c6 6. Bd2 Qc7 7. Nf3 Bg4 8.
Qe2 e6 9. h3 Bxf3 10. Qxf3 Nbd7 11. Bb3 Bd6 12. O-O-O a5 13. g4 O-O 14. g5 Nd5
15. Ne4 Bf4 16. h4 a4 17. Bxd5 Bxd2+ 18. Rxd2 cxd5 19. Qg3 Qd8 20. Nd6 a3 21.
b3 Qb6 22. d4 Ra6 23. Nxf7 Rxf7 24. g6 hxg6 25. h5 gxh5 26. Rxh5 Nf6 27. Qb8+
Rf8 28. Rh8+ Kxh8 29. Qxf8+ Kh7 30. f4 Ng4 31. Qf7 Nh6 32. Qe7 Ra8 33. Rg2 Qxd4
34. Qxe6 Qxf4+ 35. Rd2 Rd8 36. Qe7 Rf8 0-1

[Event "Ciutat de Sabadell op A"]
[Site "?"]
[Date "2012.09.06"]
[Round "8"]
[White "Vidarte Morales, A."]
[Black "Panesso Rivera, H."]
[Result "1-0"]
[WhiteElo "2353"]
[BlackElo "2339"]
[PlyCount "85"]
[EventDate "2012.??.??"]
[EventType "swiss"]
[EventRounds "9"]

1. d4 Nf6 2. c4 g6 3. Nc3 Bg7 4. e4 d6 5. f3 a6 6. Be3 c6 7. Qd2 b5 8. Bd3 O-O
9. Nge2 Nbd7 10. O-O e5 11. d5 cxd5 12. cxd5 Nc5 13. Bc2 Bd7 14. b4 Nb7 15. a4
bxa4 16. Nxa4 Bb5 17. Nb6 Rb8 18. Bd3 Nd7 19. Bxb5 axb5 20. Ra6 f5 21. Nc3 Qe7
22. Qd3 h5 23. Nxd7 Qxd7 24. Qxb5 Qe7 25. Qd3 f4 26. Bf2 g5 27. Rc1 g4 28. Ne2
Nd8 29. b5 Nf7 30. Ra7 Qe8 31. Rc6 gxf3 32. gxf3 Qd8 33. Kf1 Kh8 34. Rcc7 Qf6
35. h4 Qg6 36. b6 Bf6 37. Qb5 Bd8 38. Rxf7 Rxf7 39. Qe8+ Kg7 40. Nxf4 exf4 41.
Bd4+ Kh6 42. Rxf7 Bf6 43. Qxb8 1-0

[Event "Ciutat de Sabadell op A"]
[Site "?"]
[Date "2012.09.07"]
[Round "9"]
[White "Alarcon Casellas, R."]
[Black "Oms Pallisse, J."]
[Result "0-1"]
[WhiteElo "2471"]
[BlackElo "2461"]
[PlyCount "144"]
[EventDate "2012.??.??"]
[EventType "swiss"]
[EventRounds "9"]

1. e4 c5 2. Nf3 Nc6 3. c3 Nf6 4. e5 Nd5 5. d4 cxd4 6. cxd4 d6 7. Bc4 Nb6 8. Bb3
d5 9. Nh4 e6 10. Nf3 Be7 11. O-O Bd7 12. Nc3 Rc8 13. Be3 a6 14. Nd2 Na5 15. Qg4
g6 16. Bh6 Nbc4 17. Nxc4 Nxc4 18. Bxc4 Rxc4 19. Ne2 Qb6 20. b3 Rc2 21. Rfc1
Rxc1+ 22. Rxc1 Qa5 23. h4 Qxa2 24. Qf3 Bc6 25. g3 Rg8 26. Kg2 Qb2 27. Bg5 Bxg5
28. hxg5 Qd2 29. Rh1 Qxg5 30. Rxh7 Qf5 31. Qc3 g5 32. Rh6 Qe4+ 33. Kf1 Kd8 34.
f3 Qb1+ 35. Kf2 Bb5 36. Nc1 g4 37. Rf6 Qh7 38. Ke3 gxf3 39. Rxf3 Qh6+ 40. Kf2
Qh2+ 41. Ke1 Rg4 42. Re3 Re4 43. Rxe4 dxe4 44. Qe3 Qg2 45. Qf2 Qf3 46. Qxf3
exf3 47. Kf2 Bc6 48. Nd3 a5 49. Ke3 Bd5 50. Nc1 Kc7 51. Kd2 b5 52. g4 a4 53.
bxa4 bxa4 54. Nd3 a3 55. Kc3 a2 56. Kb2 Kc6 57. g5 Kb5 58. Nf2 Kc6 59. Nd3 Kd7
60. Nf2 Ke7 61. Nd3 Kf8 62. Nf2 Kg7 63. Ka1 Kg6 64. Nh3 Kf5 65. Kb2 Kg4 66.
Nf2+ Kxg5 67. Nd3 Kg4 68. Ka1 Kg3 69. Nc1 Bc4 70. d5 f2 71. dxe6 f1=Q 72. Kb2
a1=Q+ 0-1

[Event "Ciutat de Sabadell op A"]
[Site "?"]
[Date "2012.09.07"]
[Round "9"]
[White "Aroshidze, L."]
[Black "Jimenez Fraga, PA."]
[Result "1-0"]
[WhiteElo "2568"]
[BlackElo "2446"]
[PlyCount "108"]
[EventDate "2012.??.??"]
[EventType "swiss"]
[EventRounds "9"]

1. e4 c5 2. Nf3 d6 3. d4 cxd4 4. Nxd4 Nf6 5. Nc3 Bd7 6. f3 e5 7. Nb3 Be7 8. Be3
a5 9. a3 Bc6 10. Bc4 O-O 11. Qe2 a4 12. Nd2 d5 13. exd5 Nxd5 14. Bxd5 Bxd5 15.
O-O-O Be6 16. Nc4 Qc7 17. Nb6 Ra5 18. Nbd5 Bxd5 19. Nxd5 Qd6 20. Nxe7+ Qxe7 21.
Bd2 Rd5 22. Bb4 Qg5+ 23. Kb1 Rxd1+ 24. Rxd1 Rc8 25. Qd2 Qxd2 26. Rxd2 f5 27.
Rd5 Nc6 28. Bc3 g5 29. Bxe5 Kf7 30. Bc3 Ke6 31. Rb5 Rc7 32. g4 Rf7 33. gxf5+
Rxf5 34. Rxb7 h5 35. Rh7 h4 36. Rh6+ Kd7 37. Rf6 Rd5 38. Kc1 Ne7 39. Bd2 Nc6
40. Rg6 Nd4 41. Rxg5 Rxg5 42. Bxg5 Nxf3 43. Bf4 Ke6 44. b3 Nd4 45. Kb2 axb3 46.
cxb3 Kd5 47. Bb8 h3 48. a4 Ne6 49. Kc3 Nc5 50. Ba7 Nd7 51. b4 Ne5 52. Bb8 Nc6
53. Bg3 Nd4 54. Bc7 Nf3 1-0

[Event "Ciutat de Sabadell op A"]
[Site "?"]
[Date "2012.09.07"]
[Round "9"]
[White "Gallego Alcaraz, AF."]
[Black "Rojas Keim, LA."]
[Result "1-0"]
[WhiteElo "2377"]
[BlackElo "2426"]
[PlyCount "83"]
[EventDate "2012.??.??"]
[EventType "swiss"]
[EventRounds "9"]

1. e4 c5 2. Nf3 Nc6 3. d4 cxd4 4. Nxd4 g6 5. Nc3 Bg7 6. Be3 Nf6 7. Bc4 O-O 8.
Bb3 d6 9. f3 Bd7 10. Qd2 Na5 11. O-O-O Nxb3+ 12. cxb3 Qa5 13. Kb1 Rfc8 14. Bh6
Bxh6 15. Qxh6 b5 16. g4 b4 17. Nce2 Qe5 18. Ng3 a5 19. Qd2 a4 20. bxa4 Rxa4 21.
b3 Raa8 22. Rc1 d5 23. g5 Nh5 24. Nxh5 gxh5 25. Nc2 Be6 26. Qd4 Qd6 27. Nxb4
Rxc1+ 28. Rxc1 Qxh2 29. Rc2 Qh1+ 30. Kb2 Qxf3 31. exd5 Bd7 32. d6 exd6 33. Nd5
Be6 34. Nf6+ Kf8 35. Nxh7+ Kg8 36. Nf6+ Kf8 37. Rf2 Qc6 38. g6 Rc8 39. Nh7+ Kg8
40. Qe3 fxg6 41. Qxe6+ Kh8 42. Rf8+ 1-0

[Event "Ciutat de Sabadell op A"]
[Site "?"]
[Date "2012.09.07"]
[Round "9"]
[White "Larduet Despaigne, C."]
[Black "Arenas, D."]
[Result "1/2-1/2"]
[WhiteElo "2370"]
[BlackElo "2406"]
[PlyCount "78"]
[EventDate "2012.??.??"]
[EventType "swiss"]
[EventRounds "9"]

1. d4 Nf6 2. Nf3 g6 3. Bg5 Bg7 4. c3 O-O 5. Nbd2 d6 6. e4 Nbd7 7. Bd3 e5 8. O-O
h6 9. Bh4 Qe8 10. dxe5 dxe5 11. Re1 Nh5 12. Nb3 Bf6 13. Bg3 Qe7 14. a4 Rd8 15.
Qc2 Nf8 16. Bc4 Bg4 17. Nfd2 Nxg3 18. hxg3 h5 19. Nf1 c6 20. Ne3 Be6 21. Rad1
Bg5 22. Bxe6 Nxe6 23. Nc4 Nc5 24. Nxc5 Qxc5 25. Nd2 Bxd2 26. Rxd2 Qa5 27. Red1
Rxd2 28. Rxd2 Rd8 29. b3 Kf8 30. Qd1 Ke7 31. Rd3 Rxd3 32. Qxd3 Qc5 33. b4 Qd6
34. Qc4 Ke8 35. Kh2 Ke7 36. Kg1 Kf8 37. Kh2 Ke8 38. b5 Ke7 39. a5 c5 1/2-1/2